000 00628nam a2200241 a 4500
003 AR-BaBNM
005 20251128204649.0
008 082120s2002 ||||||||||||||000 | spa||
020 _a950-9168-12-2
040 _cAR-BaBNM
100 1 _aRamos Madero, Juan Alberto
245 0 0 _a¿Quién dejó esa cara en mi espejo?
260 _aBuenos Aires
_bEspacio-Renglón
_c1993
300 _a47 p.
_bil.
490 0 _aLa Cigarra
_vv. 1
650 4 _aLITERATURA INFANTIL
653 _aCUENTOS DE MISTERIO
653 _aCUENTO MARAVILLOSO
655 _aLITERATURA
700 0 _aChe
_eilustrador
942 _cBK
998 _cLAURA
999 _c8288
_d8288